| 000 | 00800nam a22001937a 4500 | ||
|---|---|---|---|
| 005 | 20241009122540.0 | ||
| 010 | _aB-746277-281 E.N.A./7.11.22 ENG-142008 | ||
| 020 |
_a9788123799858 _c365.00 |
||
| 035 | _aB-746277-281 | ||
| 035 | _aEN-125540 | ||
| 037 | _bDBAD | ||
| 082 | _aS | ||
| 245 |
_aSelected Stories of Amrita Pritam/ _cTranslated by Amritbir Kaur |
||
| 260 |
_aNew Delhi _bNational Book Trust _c2021 |
||
| 270 |
_aNehru Bhawan, 5 Institutional Area, Phase -II Vasant Kunj _bNew Delhi- _e110070 |
||
| 300 |
_a382p. _c22cm(pbk) |
||
| 942 |
_2ddc _cEN _mSEL _hS |
||
| 999 |
_c193768 _d193768 |
||